[Event "Paris-ch"]
[Site "Paris"]
[Date "2025.07.13"]
[Round "2"]
[White "Namitbir, Singh Walia"]
[Black "Razafindratsima, Timothe"]
[Result "0-1"]
[WhiteElo "2335"]
[BlackElo "2467"]
[PlyCount "64"]
[EventDate "2025.07.12"]
[EventType "swiss"]
[EventRounds "9"]
[EventCountry "FRA"]
[SourceTitle "CB30_2025"]
[SourceDate "2025.07.23"]
[SourceVersion "1"]
[SourceVersionDate "2025.07.23"]
[SourceQuality "1"]

1. e4 c5 2. Nf3 Nc6 3. d4 cxd4 4. Nxd4 Nf6 5. Nc3 e5 6. Ndb5 d6 7. Nd5 Nxd5 8. exd5 Ne7 9. c4 Ng6 10. Qa4 Bd7 11. Qb4 Qb8 12. h4 h5 13. Be2 Be7 14. g3 a6 15. Nc3 b5 16. cxb5 axb5 17. Nxb5 0-0 18. a4 Qb7 19. Qd2 e4 20. Nc3 f5 21. Bxh5 Ne5 22. 0-0 f4 23. gxf4 Nf3+ 24. Bxf3 exf3 25. Qd3 Bg4 26. Kh2 Bxh4 27. Be3 Qf7 28. Rh1 Bf5 29. Qf1 Qh5 30. Kg1 Qg4+ 31. Kh2 Rf6 32. Rg1 Qh5 0-1

[Event "Moscow Ivi GP op"]
[Site "Moscow"]
[Date "2025.03.14"]
[Round "10"]
[White "Khruschiov, Alexey"]
[Black "Namitbir, Singh Walia"]
[Result "1/2-1/2"]
[WhiteElo "2257"]
[BlackElo "2347"]
[PlyCount "97"]
[EventDate "2025.03.08"]
[EventType "swiss"]
[EventRounds "10"]
[EventCountry "RUS"]
[SourceTitle "CB12_2025"]
[SourceDate "2025.03.19"]
[SourceVersion "1"]
[SourceVersionDate "2025.03.19"]
[SourceQuality "1"]

1. Nf3 Nf6 2. g3 c5 3. Bg2 Nc6 4. c4 d5 5. cxd5 Nxd5 6. Nc3 Nc7 7. 0-0 e5 8. d3 Be7 9. Nd2 Bd7 10. Nc4 f6 11. f4 b5 12. Ne3 0-0 13. f5 Rb8 14. Bd2 Nd4 15. Rc1 Be8 16. Ned5 Bh5 17. Rf2 Nxd5 18. Nxd5 Qd7 19. Qf1 Rfc8 20. Nxe7+ Qxe7 21. e3 Nc6 22. Be1 Qd6 23. Rfc2 Ne7 24. b3 Bf7 25. g4 a5 26. h4 a4 27. bxa4 bxa4 28. g5 a3 29. Be4 Rb2 30. gxf6 Qxf6 31. Rxc5 Rxc5 32. Rxc5 Bxa2 33. Ra5 h6 34. Rxa3 Bd5 35. Bxd5+ Nxd5 36. Qf3 Ne7 37. e4 Rb1 38. Ra8+ Kh7 39. Qg3 h5 40. Kg2 Nxf5 41. exf5 Qc6+ 42. Qf3 Qxf3+ 43. Kxf3 Rxe1 44. Ra7 Kg8 45. Re7 Kf8 46. Re6 Kf7 47. Ra6 Rf1+ 48. Ke4 Re1+ 49. Kf3 1/2-1/2

[Event "Moscow Ivi GP op"]
[Site "Moscow"]
[Date "2025.03.12"]
[Round "8"]
[White "Korelskiy, Egor"]
[Black "Namitbir, Singh Walia"]
[Result "1/2-1/2"]
[WhiteElo "2171"]
[BlackElo "2347"]
[PlyCount "252"]
[EventDate "2025.03.08"]
[EventType "swiss"]
[EventRounds "10"]
[EventCountry "RUS"]
[SourceTitle "CB12_2025"]
[SourceDate "2025.03.19"]
[SourceVersion "1"]
[SourceVersionDate "2025.03.19"]
[SourceQuality "1"]

1. e4 e5 2. Nf3 Nc6 3. Bb5 a6 4. Ba4 Nf6 5. 0-0 b5 6. Bb3 Bc5 7. c3 d6 8. d4 Bb6 9. h3 0-0 10. Re1 Bb7 11. a4 Re8 12. d5 Ne7 13. axb5 axb5 14. Rxa8 Qxa8 15. Bg5 Nd7 16. Na3 Ba6 17. Qd2 Ng6 18. Be3 Bxe3 19. Qxe3 Rb8 20. Nc2 Nc5 21. Nd2 Bc8 22. Nb4 Bd7 23. Bc2 h6 24. Nb3 Nxb3 25. Bxb3 Qb7 26. Kh2 Nf4 27. Ra1 Ra8 28. Rd1 Qb8 29. h4 Qd8 30. g3 Nh5 31. Qe2 Nf6 32. Rf1 g5 33. Nc6 Qf8 34. Qf3 Qg7 35. Ne7+ Kh7 36. Rg1 Ng4+ 37. Kh1 Qf6 38. Qxf6 Nxf6 39. f3 g4 40. Kg2 Kg7 41. Re1 Kf8 42. Nc6 Bxc6 43. dxc6 gxf3+ 44. Kxf3 b4 45. cxb4 Rb8 46. Bc4 Rxb4 47. b3 Rb6 48. g4 Rxc6 49. g5 hxg5 50. hxg5 Nd7 51. Bb5 Rc3+ 52. Kg4 Nb6 53. b4 Rb3 54. Rf1 Rxb4 55. g6 Rxb5 56. Rxf7+ Kg8 57. Rxc7 Rb1 58. Kf5 Rf1+ 59. Ke6 Rf4 60. Rc6 Na4 61. Rxd6 Rxe4 62. Rd5 Kg7 63. Rxe5 Rf4 64. Rg5 Nc3 65. Rg2 Rf3 66. Ke5 Nd1 67. Ke4 Rf6 68. Rg1 Nf2+ 69. Ke3 Nh3 70. Rg4 Rf8 71. Rg3 Nf4 72. Rf3 Nd5+ 73. Kf2 Nf6 74. Ke2 Ra8 75. Rb3 Ra5 76. Kd3 Kxg6 77. Kc4 Ra1 78. Rb5 Kf7 79. Re5 Nd7 80. Re2 Kf6 81. Kd4 Rd1+ 82. Ke3 Nc5 83. Rc2 Ne6 84. Ra2 Rd5 85. Rh2 Ra5 86. Rh6+ Kf5 87. Rh5+ Ng5 88. Rh8 Ra3+ 89. Kd4 Ne6+ 90. Kc4 Ra4+ 91. Kc3 Ke4 92. Re8 Kd5 93. Rh8 Rc4+ 94. Kd2 Ke4 95. Re8 Rc6 96. Rh8 Nf4 97. Re8+ Kd4 98. Rd8+ Nd5 99. Rh8 Rf6 100. Rh4+ Nf4 101. Rh8 Ra6 102. Rd8+ Nd5 103. Ke2 Rf6 104. Ke1 Ke4 105. Ke2 Rf7 106. Re8+ Kd4 107. Rd8 Rf5 108. Rh8 Nc3+ 109. Ke1 Ne4 110. Ra8 Rh5 111. Ra4+ Ke3 112. Ra3+ Kf4 113. Kd1 Rh2 114. Kc1 Ke5 115. Ra8 Kd4 116. Rd8+ Ke3 117. Rc8 Kd3 118. Rd8+ Kc4 119. Rc8+ Nc5 120. Kd1 Kd4 121. Rd8+ Ke3 122. Re8+ Ne4 123. Kc1 Rh5 124. Rd8 Nc5 125. Kc2 Ke4 126. Re8+ Kd5 1/2-1/2

[Event "Moscow Ivi GP op"]
[Site "Moscow"]
[Date "2025.03.08"]
[Round "1"]
[White "Afanasiev, Nikita"]
[Black "Namitbir, Singh Walia"]
[Result "1/2-1/2"]
[WhiteElo "2518"]
[BlackElo "2347"]
[PlyCount "97"]
[EventDate "2025.03.08"]
[EventType "swiss"]
[EventRounds "10"]
[EventCountry "RUS"]
[SourceTitle "CB12_2025"]
[SourceDate "2025.03.19"]
[SourceVersion "1"]
[SourceVersionDate "2025.03.19"]
[SourceQuality "1"]

1. d4 Nf6 2. Nf3 g6 3. Nbd2 d5 4. b4 Bg7 5. e3 a5 6. b5 c5 7. bxc6 Nxc6 8. a4 0-0 9. Bb5 Bf5 10. 0-0 Rc8 11. Ba3 Nb4 12. Bxb4 axb4 13. Qb1 Qd6 14. Ra2 Ne4 15. Nxe4 dxe4 16. Nd2 e5 17. Nc4 Rxc4 18. Bxc4 exd4 19. Qb3 dxe3 20. Qxe3 Bd4 21. Qe2 Qf4 22. Bd5 Rd8 23. Bxb7 Ba7 24. g3 Rd2 25. gxf4 Rxe2 26. Raa1 Bh3 27. Bd5 Bxf1 28. Rxf1 e3 29. fxe3 Bxe3+ 30. Kh1 Rxc2 31. f5 Rc5 32. Be4 Rc1 33. Rxc1 Bxc1 34. fxg6 hxg6 35. Bd5 Kg7 36. a5 Be3 37. Kg2 f5 38. Kf3 Ba7 39. h4 Kf6 40. a6 Ke5 41. Bf7 Kf6 42. Bd5 Kg7 43. Kg3 Kh6 44. Bb3 Bb8+ 45. Kh3 g5 46. hxg5+ Kxg5 47. Kg2 Kf4 48. Kf2 Ba7+ 49. Ke2 1/2-1/2

[Event "Moscow Aeroflot op-A"]
[Site "Moscow"]
[Date "2025.03.06"]
[Round "9"]
[White "Bhagat, Kush"]
[Black "Namitbir, Singh Walia"]
[Result "1/2-1/2"]
[WhiteElo "2300"]
[BlackElo "2347"]
[PlyCount "94"]
[EventDate "2025.03.01"]
[EventType "swiss"]
[EventRounds "9"]
[EventCountry "RUS"]
[SourceTitle "CB11_2025"]
[SourceDate "2025.03.12"]
[SourceVersion "1"]
[SourceVersionDate "2025.03.12"]
[SourceQuality "1"]

1. d4 Nf6 2. c4 e6 3. Nc3 Bb4 4. Nf3 d5 5. Qa4+ Nc6 6. e3 0-0 7. Qc2 Qe7 8. a3 Bxc3+ 9. Qxc3 Rd8 10. b3 e5 11. Nxe5 Nxe5 12. dxe5 Ne4 13. Qb2 Bg4 14. Be2 Bxe2 15. Qxe2 dxc4 16. Qxc4 Qxe5 17. Ra2 b5 18. Qc2 Rd7 19. 0-0 Rad8 20. Bb2 Qe6 21. Raa1 Nd2 22. Rfe1 Qxb3 23. Rac1 Qxc2 24. Rxc2 Nc4 25. Bd4 Nxa3 26. Ra2 b4 27. Bxa7 Rd1 28. Kf1 R1d2 29. Rxd2 Rxd2 30. Bc5 Rb2 31. Ra1 f6 32. Bxb4 Rxb4 33. Rxa3 Rc4 34. Ke2 Rc2+ 35. Kf3 Kf7 36. Ra8 h5 37. h4 Rc4 38. g3 Kg6 39. Rd8 Rc2 40. Rd7 Kh6 41. Rf7 c6 42. Rf8 c5 43. Rh8+ Kg6 44. Rc8 Kf5 45. Rh8 Kg6 46. Rc8 Rc1 47. Ke2 Rc2+ 1/2-1/2

[Event "Moscow Aeroflot op-A"]
[Site "Moscow"]
[Date "2025.03.04"]
[Round "6"]
[White "Isanzhulov, Arystan"]
[Black "Namitbir, Singh Walia"]
[Result "0-1"]
[WhiteElo "2416"]
[BlackElo "2347"]
[PlyCount "90"]
[EventDate "2025.03.01"]
[EventType "swiss"]
[EventRounds "9"]
[EventCountry "RUS"]
[SourceTitle "CB11_2025"]
[SourceDate "2025.03.12"]
[SourceVersion "1"]
[SourceVersionDate "2025.03.12"]
[SourceQuality "1"]

1. e4 e5 2. Nf3 Nc6 3. Nc3 Nf6 4. a3 d5 5. Bb5 Nxe4 6. Qe2 Nxc3 7. Qxe5+ Qe7 8. dxc3 Bd7 9. Qxe7+ Bxe7 10. Bf4 0-0-0 11. 0-0-0 a6 12. Ba4 Bg4 13. Bb3 d4 14. Bd2 Bf6 15. Bxf7 Rhf8 16. Bc4 dxc3 17. bxc3 Be7 18. a4 Rxf3 19. gxf3 Bxf3 20. Rhg1 Ba3+ 21. Kb1 Bxd1 22. Rxd1 Bc5 23. f4 Be7 24. Bd3 h6 25. Re1 Bf6 26. c4 Kb8 27. Re3 Bd4 28. Rg3 Re8 29. c3 Bf6 30. Kc2 Nd8 31. Be3 Ne6 32. Bf5 Re7 33. Bg6 b6 34. a5 Ka7 35. Rf3 c5 36. Rg3 Nd8 37. Bh7 Nb7 38. axb6+ Kxb6 39. Bd3 Nd6 40. f5 Nf7 41. Bf1 a5 42. Bf2 Nd6 43. Rd3 Nxc4 44. Kb3 Re4 45. Ka2 Rf4 0-1

[Event "Titled Tuesday intern op 11th Feb Early"]
[Site "Chess.com INT"]
[Date "2025.02.11"]
[Round "4"]
[White "Hehir, Michael"]
[Black "Namitbir, Singh Walia"]
[Result "0-1"]
[WhiteElo "2009"]
[BlackElo "2347"]
[PlyCount "70"]
[EventDate "2025.02.11"]
[EventType "swiss (blitz)"]
[EventRounds "11"]
[EventCountry "USA"]
[SourceTitle "CB09_2025"]
[SourceDate "2025.02.27"]
[SourceVersion "1"]
[SourceVersionDate "2025.02.27"]
[SourceQuality "1"]

1. d4 d5 2. Nf3 Nf6 3. c4 c6 4. Nc3 e6 5. e3 Nbd7 6. Bd3 dxc4 7. Bxc4 b5 8. Bb3 a6 9. 0-0 c5 10. dxc5 Bxc5 11. e4 0-0 12. e5 Ng4 13. Ne4 Bb7 14. Nxc5 Nxc5 15. Bf4 Qxd1 16. Bxd1 Nd3 17. Bg3 Nxb2 18. h3 Nxd1 19. Rfxd1 Bxf3 20. gxf3 Nh6 21. Rd7 Nf5 22. Rc1 g5 23. Rcc7 Kg7 24. f4 h6 25. fxg5 hxg5 26. f4 Nxg3 27. fxg5 Nf5 28. Kf2 Kg6 29. Kf3 a5 30. Kf4 Rac8 31. Ra7 Rc4+ 32. Kf3 a4 33. Rab7 Kxg5 34. Rxb5 Nd4+ 35. Rxd4 Rxd4 0-1

[Event "Titled Tuesday intern op 11th Feb Early"]
[Site "Chess.com INT"]
[Date "2025.02.11"]
[Round "5"]
[White "Oleksienko, Mikhailo"]
[Black "Namitbir, Singh Walia"]
[Result "1/2-1/2"]
[WhiteElo "2569"]
[BlackElo "2347"]
[PlyCount "165"]
[EventDate "2025.02.11"]
[EventType "swiss (blitz)"]
[EventRounds "11"]
[EventCountry "USA"]
[SourceTitle "CB09_2025"]
[SourceDate "2025.02.27"]
[SourceVersion "1"]
[SourceVersionDate "2025.02.27"]
[SourceQuality "1"]

1. e4 e5 2. Nf3 Nc6 3. Bb5 a6 4. Ba4 Nf6 5. d3 b5 6. Bb3 Bc5 7. a3 d6 8. h3 h6 9. Nc3 Be6 10. Bxe6 fxe6 11. 0-0 0-0 12. a4 b4 13. Ne2 Qe8 14. Ng3 Nh5 15. Kh2 Nxg3 16. fxg3 Nd4 17. Bd2 Nxf3+ 18. Rxf3 Qg6 19. Qe2 Rxf3 20. gxf3 Rf8 21. b3 Qh5 22. Rf1 a5 23. Qg2 Bd4 24. f4 Qg6 25. Qf3 c5 26. f5 exf5 27. exf5 Qf7 28. g4 d5 29. Re1 Re8 30. Kg2 c4 31. h4 cxb3 32. cxb3 Rc8 33. Rc1 Rxc1 34. Bxc1 Qb7 35. f6 e4 36. f7+ Qxf7 37. dxe4 dxe4 38. Qxf7+ Kxf7 39. Bf4 Bb6 40. h5 Ke6 41. Kf1 Bd8 42. Ke2 Kd5 43. Bc1 Bg5 44. Bb2 Bf6 45. Bc1 Be5 46. Be3 Bd4 47. Bf4 Bb6 48. g5 hxg5 49. Bxg5 Bc7 50. Be3 Bd8 51. Bf4 Bb6 52. Bc1 Bd4 53. Bg5 Bb6 54. Be7 Ke6 55. Bf8 Kf7 56. Bd6 Kf6 57. Bf4 Kf5 58. h6 gxh6 59. Bxh6 Bc7 60. Bg7 Ke6 61. Ke3 Kd5 62. Bf6 Bb6+ 63. Kd2 e3+ 64. Kd3 Ke6 65. Bg5 Kf5 66. Bh6 Ke5 67. Bxe3 Bxe3 68. Kxe3 Kd5 69. Kd3 Ke5 70. Kc4 Ke4 71. Kb5 Kd4 72. Kxa5 Kc3 73. Kb5 Kxb3 74. a5 Kc3 75. a6 b3 76. a7 b2 77. a8Q b1Q+ 78. Ka6 Qa2+ 79. Kb7 Qd5+ 80. Ka7 Qa5+ 81. Kb8 Qb6+ 82. Qb7 Qxb7+ 83. Kxb7 1/2-1/2

[Event "Titled Tuesday intern op 04th Feb Early"]
[Site "Chess.com INT"]
[Date "2025.02.04"]
[Round "1"]
[White "Namitbir, Singh Walia"]
[Black "Kevlishvili, Robby"]
[Result "0-1"]
[WhiteElo "2347"]
[BlackElo "2555"]
[PlyCount "136"]
[EventDate "2025.02.04"]
[EventType "swiss (blitz)"]
[EventRounds "11"]
[EventCountry "USA"]
[SourceTitle "CB07_2025"]
[SourceDate "2025.02.12"]
[SourceVersion "1"]
[SourceVersionDate "2025.02.12"]
[SourceQuality "1"]

1. e4 b6 2. d4 Bb7 3. Bd3 e6 4. Nd2 c5 5. c3 d5 6. Ngf3 cxd4 7. Nxd4 Nf6 8. Qe2 Be7 9. 0-0 0-0 10. e5 Nfd7 11. N2f3 Nc6 12. Bf4 Nc5 13. Bc2 Rc8 14. Rad1 Nxd4 15. Nxd4 Ba6 16. Nb5 Bxb5 17. Qxb5 Bg5 18. Bxg5 Qxg5 19. Rfe1 Rfd8 20. a4 Nd7 21. Qd3 g6 22. Qd4 Rc4 23. Qe3 Qe7 24. a5 Rcc8 25. Ra1 Rb8 26. axb6 Nxb6 27. Bd3 Rdc8 28. Ra2 Rc7 29. Rea1 Kg7 30. Qd4 h5 31. h3 Rd8 32. Ra6 Rb8 33. R1a2 Rbb7 34. g3 Qg5 35. h4 Qc1+ 36. Kg2 Nd7 37. Be2 Rxb2 38. Rxa7 Rxa7 39. Rxa7 Rxe2 40. Rxd7 Qc2 41. Qf4 Qf5 42. Qxf5 gxf5 43. Kf3 Rxe5 44. c4 dxc4 45. Rc7 Re4 46. Rc5 Kf6 47. Rc7 Rd4 48. Ke3 Rd3+ 49. Ke2 Rd4 50. Ke3 e5 51. f4 Re4+ 52. Kf3 exf4 53. gxf4 Rd4 54. Rc6+ Kg7 55. Rc5 Kg6 56. Rc6+ f6 57. Rc8 Rd3+ 58. Ke2 Rc3 59. Kf2 Rc1 60. Kg2 c3 61. Kf2 Kf7 62. Rc6 Ke7 63. Kg2 Kd7 64. Rc5 Kd6 65. Rc8 Kd5 66. Kf3 c2 67. Rd8+ Ke6 68. Re8+ Kf7 0-1

[Event "Titled Tuesday intern op 14th Jan Early"]
[Site "Chess.com INT"]
[Date "2025.01.14"]
[Round "5"]
[White "Namitbir, Singh Walia"]
[Black "Hossam Mohamed, Adham"]
[Result "1-0"]
[WhiteElo "2347"]
[BlackElo "2014"]
[PlyCount "43"]
[EventDate "2025.01.14"]
[EventType "swiss (blitz)"]
[EventRounds "11"]
[EventCountry "USA"]
[SourceTitle "CB04_2025"]
[SourceDate "2025.01.22"]
[SourceVersion "1"]
[SourceVersionDate "2025.01.22"]
[SourceQuality "1"]

1. e4 c5 2. Nf3 d6 3. d4 cxd4 4. Nxd4 Nf6 5. f3 e5 6. Nb3 Be6 7. Bg5 Be7 8. Bxf6 Bxf6 9. c4 0-0 10. Nc3 a6 11. Nd5 Bxd5 12. Qxd5 Qc7 13. 0-0-0 Rd8 14. Kb1 Nc6 15. Be2 a5 16. Na1 Nb4 17. Qb5 Ra6 18. a3 Nc6 19. Nc2 Bg5 20. c5 dxc5 21. Rxd8+ Nxd8 22. Qe8# 1-0

[Event "Titled Tuesday intern op 14th Jan Early"]
[Site "Chess.com INT"]
[Date "2025.01.14"]
[Round "11"]
[White "Namitbir, Singh Walia"]
[Black "Zampronha, Wladimir Camilo"]
[Result "0-1"]
[WhiteElo "2347"]
[BlackElo "2126"]
[PlyCount "128"]
[EventDate "2025.01.14"]
[EventType "swiss (blitz)"]
[EventRounds "11"]
[EventCountry "USA"]
[SourceTitle "CB04_2025"]
[SourceDate "2025.01.22"]
[SourceVersion "1"]
[SourceVersionDate "2025.01.22"]
[SourceQuality "1"]

1. e4 c5 2. Nf3 e6 3. d4 cxd4 4. Nxd4 Nc6 5. Nc3 Qc7 6. Be3 a6 7. Nxc6 bxc6 8. Bd3 d5 9. exd5 exd5 10. 0-0 Nf6 11. Na4 Bd6 12. h3 0-0 13. c4 Be6 14. cxd5 Nxd5 15. Bc5 Rab8 16. b3 Rfd8 17. Qf3 Nb4 18. Rad1 Nxd3 19. Rxd3 Bxc5 20. Nxc5 Bd5 21. Qg3 Qxg3 22. Rxg3 a5 23. Re1 g6 24. Rge3 Kg7 25. f3 Rb5 26. Rc3 Kf8 27. Kf2 Rbb8 28. h4 h5 29. Re5 Rb4 30. g3 Rd4 31. Re2 Rd1 32. Rce3 Kg7 33. Nb7 Ra8 34. Nc5 Rb8 35. Rd3 Rb5 36. Rxd1 Rxc5 37. Rdd2 Rb5 38. Re3 Rb4 39. Rc3 a4 40. bxa4 Rxa4 41. a3 Kf6 42. Ke3 Ra8 43. Rd4 Ra5 44. f4 Ra8 45. Rb4 Ra7 46. Kd2 Re7 47. Re3 Ra7 48. a4 Ra8 49. Ra3 Ra5 50. Kc3 Kf5 51. Rb7 Kg4 52. Re7 Ra8 53. Kd4 Ra5 54. Rc7 Bf3 55. Rxf7 Kxg3 56. Rg7 Kxf4 57. Rxg6 Bd1 58. Rg5 Rxa4+ 59. Rxa4 Bxa4 60. Rxh5 Kg4 61. Rh8 Bc2 62. Ke5 c5 63. h5 Kg5 64. h6 Kg6 0-1

[Event "Titled Tuesday intern op 07th Jan Early"]
[Site "Chess.com INT"]
[Date "2025.01.07"]
[Round "8"]
[White "Goryachkina, Aleksandra"]
[Black "Namitbir, Singh Walia"]
[Result "1-0"]
[WhiteElo "2546"]
[BlackElo "2347"]
[PlyCount "75"]
[EventDate "2025.01.07"]
[EventType "swiss (blitz)"]
[EventRounds "11"]
[EventCountry "USA"]
[SourceTitle "CB03_2025"]
[SourceDate "2025.01.15"]
[SourceVersion "1"]
[SourceVersionDate "2025.01.15"]
[SourceQuality "1"]

1. e4 e5 2. Nf3 Nc6 3. Nc3 Nf6 4. Bb5 Bb4 5. 0-0 0-0 6. Bxc6 dxc6 7. d3 Bg4 8. h3 Bh5 9. Bg5 h6 10. Bh4 Qd6 11. Qe2 Rae8 12. a3 Bc5 13. Na4 Bb6 14. Nxb6 axb6 15. Qe3 Nd7 16. Nd2 f6 17. Bg3 Qc5 18. Qxc5 Nxc5 19. f4 exf4 20. Rxf4 Ne6 21. Rf2 b5 22. Kh2 Ra8 23. Raf1 Rfd8 24. e5 fxe5 25. Bxe5 Rd7 26. g4 Bg6 27. h4 h5 28. gxh5 Bxh5 29. Ne4 Bg6 30. Ng3 Ra4 31. b4 Rxa3 32. h5 Bf7 33. h6 gxh6 34. Rf6 Ra2 35. R1f2 Ng7 36. Rxh6 Bb3 37. Nh5 Rf7 38. Nf6+ 1-0

[Event "Titled Tuesday intern op 07th Jan Early"]
[Site "Chess.com INT"]
[Date "2025.01.07"]
[Round "9"]
[White "Namitbir, Singh Walia"]
[Black "Yurasova, Daria"]
[Result "0-1"]
[WhiteElo "2347"]
[BlackElo "2064"]
[PlyCount "96"]
[EventDate "2025.01.07"]
[EventType "swiss (blitz)"]
[EventRounds "11"]
[EventCountry "USA"]
[SourceTitle "CB03_2025"]
[SourceDate "2025.01.15"]
[SourceVersion "1"]
[SourceVersionDate "2025.01.15"]
[SourceQuality "1"]

1. e4 e5 2. Nf3 Nc6 3. Bc4 Bc5 4. Nc3 Nf6 5. d3 d6 6. h3 h6 7. Be3 Bb6 8. a3 Be6 9. Qe2 Qd7 10. 0-0-0 Bxc4 11. dxc4 Bxe3+ 12. Qxe3 0-0-0 13. c5 Qe6 14. cxd6 Rxd6 15. Rxd6 Qxd6 16. Nb5 Qe6 17. Nxa7+ Kb8 18. Nxc6+ Qxc6 19. Nxe5 Qe6 20. Nd3 Qa2 21. Re1 Rd8 22. e5 Nd5 23. Qd4 Kc8 24. Qg4+ Kb8 25. e6 fxe6 26. Qxe6 Qc4 27. Qe4 Qa2 28. Qe6 Qc4 29. Kb1 Rd6 30. Qe4 Qb5 31. Qe8+ Qxe8 32. Rxe8+ Ka7 33. f4 Rf6 34. g3 g5 35. Re5 c6 36. fxg5 hxg5 37. Rxg5 Rf1+ 38. Ka2 Ne3 39. c3 Rd1 40. Nc5 Rd2 41. Nb3 Rg2 42. Nd4 Nc4 43. Kb3 Nxb2 44. Rg7 Kb6 45. a4 Nd3 46. a5+ Kc5 47. Rxb7 Nc1+ 48. Ka3 Ra2# 0-1

[Event "Titled Tuesday intern op 07th Jan Early"]
[Site "Chess.com INT"]
[Date "2025.01.07"]
[Round "5"]
[White "Vingris, Mikelis"]
[Black "Namitbir, Singh Walia"]
[Result "0-1"]
[WhiteElo "2147"]
[BlackElo "2347"]
[PlyCount "114"]
[EventDate "2025.01.07"]
[EventType "swiss (blitz)"]
[EventRounds "11"]
[EventCountry "USA"]
[SourceTitle "CB03_2025"]
[SourceDate "2025.01.15"]
[SourceVersion "1"]
[SourceVersionDate "2025.01.15"]
[SourceQuality "1"]

1. e4 e5 2. Nf3 Nc6 3. Bb5 a6 4. Ba4 Nf6 5. Nc3 d6 6. 0-0 g6 7. d4 exd4 8. Nxd4 Bd7 9. Bg5 Bg7 10. Nxc6 bxc6 11. e5 dxe5 12. Qf3 h6 13. Bxc6 Bxc6 14. Qxc6+ Kf8 15. Bh4 g5 16. Bg3 Qe8 17. Qxc7 Nh5 18. Nd5 Nxg3 19. fxg3 e4 20. Qc5+ Kg8 21. Ne7+ Kf8 22. Ng6+ Kg8 23. Nxh8 Bxh8 24. Kh1 Rc8 25. Qf2 Bxb2 26. Rab1 e3 27. Qe2 Bc3 28. Rb7 Bd2 29. c4 Qc6 30. Rfxf7 Qxc4 31. Rg7+ Kh8 32. Rh7+ Kg8 33. Rhg7+ Kh8 34. Qxc4 Rxc4 35. Rh7+ Kg8 36. Rhg7+ Kh8 37. Rgc7 Rxc7 38. Rxc7 e2 39. Re7 e1Q+ 40. Rxe1 Bxe1 41. Kg1 a5 42. Kf1 Bb4 43. a4 Kg7 44. Ke2 Kf6 45. Kd3 Ke5 46. h3 h5 47. Ke3 Bc5+ 48. Kd3 Bf2 49. g4 hxg4 50. hxg4 Kf4 51. Ke2 Bc5 52. Kd3 Bb4 53. Kc4 Kxg4 54. Kd3 Kg3 55. Ke4 Kxg2 56. Kf5 Bd2 57. Kg4 Kf2 0-1

[Event "Pozarevac Rudar GM 11"]
[Site "Pozarevac"]
[Date "2024.11.12"]
[Round "8"]
[White "Namitbir, Singh Walia"]
[Black "Wu, Yixing"]
[Result "1/2-1/2"]
[WhiteElo "2339"]
[BlackElo "2403"]
[PlyCount "69"]
[EventDate "2024.11.06"]
[EventType "tourn"]
[EventRounds "9"]
[EventCountry "SRB"]
[EventCategory "6"]
[SourceTitle "CB49_2024"]
[SourceDate "2024.12.04"]
[SourceVersion "1"]
[SourceVersionDate "2024.12.04"]
[SourceQuality "1"]

1. e4 c5 2. Nf3 Nc6 3. d4 cxd4 4. Nxd4 Nf6 5. Nc3 e6 6. Ndb5 Bb4 7. a3 Bxc3+ 8. Nxc3 d5 9. exd5 exd5 10. Bd3 0-0 11. 0-0 Bg4 12. f3 Bh5 13. Bg5 Qb6+ 14. Kh1 Ne4 15. Nxe4 dxe4 16. Bxe4 Qxb2 17. Qb1 Qb6 18. Qxb6 axb6 19. Rfb1 Bg6 20. Bxg6 hxg6 21. Rxb6 Nd4 22. c3 Nc2 23. Rc1 Rfe8 24. h3 Ne1 25. Bh4 Nd3 26. Rc2 Rxa3 27. Rxb7 Rc8 28. c4 Ra1+ 29. Kh2 Rc1 30. Rxc1 Nxc1 31. Rb4 Nd3 32. Rb3 Ne5 33. Bg3 Nxc4 34. Rc3 Nd6 35. Rxc8+ 1/2-1/2

[Event "Fagernes Autumn op"]
[Site "Fagernes"]
[Date "2024.10.06"]
[Round "1"]
[White "Bjorkan, Olav"]
[Black "Namitbir, Singh Walia"]
[Result "1/2-1/2"]
[WhiteElo "2022"]
[BlackElo "2351"]
[PlyCount "70"]
[EventDate "2024.10.06"]
[EventType "swiss"]
[EventRounds "9"]
[EventCountry "NOR"]
[SourceTitle "CB42_2024"]
[Source "ChessBase"]
[SourceDate "2024.10.16"]
[SourceVersion "1"]
[SourceVersionDate "2024.10.16"]
[SourceQuality "1"]

1. d4 Nf6 2. c4 g6 3. Nc3 d5 4. Nf3 Bg7 5. cxd5 Nxd5 6. e4 Nxc3 7. bxc3 c5 8. Bb5+ Nc6 9. Bxc6+ bxc6 10. 0-0 0-0 11. Be3 Bg4 12. Rc1 Qa5 13. Qc2 Bxf3 14. gxf3 Rad8 15. dxc5 f5 16. Qb3+ Kh8 17. Qe6 Qc7 18. Rfd1 Rf6 19. Rxd8+ Qxd8 20. Qb3 fxe4 21. fxe4 Qc8 22. Qd1 Qe6 23. Rb1 Rf8 24. Bd4 Qxe4 25. Bxg7+ Kxg7 26. Qd4+ Qxd4 27. cxd4 Rd8 28. Rb7 Kf7 29. Rxa7 Rxd4 30. Ra6 h5 31. Kg2 Rc4 32. Rxc6 Ra4 33. Rc8 Rxa2 34. c6 Rc2 35. c7 Ke6 1/2-1/2

[Event "Titled Tuesday intern op 24th Sep Early"]
[Site "Chess.com INT"]
[Date "2024.09.24"]
[Round "10"]
[White "Namitbir, Singh Walia"]
[Black "Hernando Rodrigo, Julio Antonio"]
[Result "1-0"]
[WhiteElo "2351"]
[BlackElo "2223"]
[PlyCount "133"]
[EventDate "2024.09.24"]
[EventType "swiss (blitz)"]
[EventRounds "11"]
[EventCountry "USA"]
[SourceTitle "EXT 2025"]
[Source "ChessBase"]
[SourceDate "2024.10.14"]
[SourceVersion "1"]
[SourceVersionDate "2024.10.14"]
[SourceQuality "1"]

1. e4 e6 2. d4 d5 3. Nd2 c5 4. exd5 exd5 5. Ngf3 Nc6 6. Bb5 Bd6 7. dxc5 Bxc5 8. Nb3 Bd6 9. 0-0 Nge7 10. h3 0-0 11. Re1 h6 12. c3 Bf5 13. Nbd4 Be4 14. Bd3 Bxd3 15. Qxd3 Nxd4 16. Nxd4 Qd7 17. Bd2 Rad8 18. Re2 Rfe8 19. Rae1 Ng6 20. Rxe8+ Rxe8 21. Rxe8+ Qxe8 22. Nf5 Bf4 23. Qxd5 Bxd2 24. Qxd2 Qe4 25. Ne3 Qb1+ 26. Kh2 Qxa2 27. Nd5 Qc4 28. g3 b5 29. Ne3 Qb3 30. Qd8+ Kh7 31. Qd2 a5 32. Kg2 a4 33. Nf5 Qe6 34. Nd4 Qd5+ 35. Kg1 Ne5 36. Qc2+ g6 37. Qe2 b4 38. Nc2 bxc3 39. bxc3 Nc4 40. Ne3 Nxe3 41. Qxe3 a3 42. c4 Qd1+ 43. Kg2 a2 44. Qa7 Qa1 45. c5 Kg7 46. c6 Qb1 47. c7 Qe4+ 48. Kh2 Qc2 49. c8Q Qxc8 50. Qxa2 Qf5 51. Kg2 h5 52. Qd2 Kf6 53. h4 Ke6 54. Qe3+ Qe5 55. Qb6+ Qd6 56. Qb2 Qd5+ 57. Kf1 Qd1+ 58. Kg2 Qd5+ 59. Kf1 Qe5 60. Qb6+ Kf5 61. Qb1+ Kg4 62. Qd3 Kh3 63. Qd7+ f5 64. Qc6 Qa1+ 65. Ke2 Qb2+ 66. Ke3 Qb3+ 67. Kf4 1-0